African women's theologies, spirituality, and healing : (Record no. 19315)

000 -LEADER
fixed length control field 00662cam a2200193 i 4500
020 ## - INTERNATIONAL STANDARD BOOK NUMBER
ISBN 9780809154272 (pbk. : alk. paper)
040 ## - CATALOGING SOURCE
Transcribing agency DLC
082 00 - DEWEY DECIMAL CLASSIFICATION NUMBER
Classification number 230 SFC 1995 C165 Or.
100 1# - MAIN ENTRY--AUTHOR NAME
Personal name Oduyoye, Mercy Amba,
245 10 - TITLE STATEMENT
Title African women's theologies, spirituality, and healing :
Remainder of title theological perspectives from the Circle of Concerned African Women Theologians /
300 ## - PHYSICAL DESCRIPTION
Number of Pages v, 122 pages ;
Dimensions 17 cm.
490 0# - SERIES STATEMENT
Series statement 2018 Madeleva lecture in spirituality
650 #0 - SUBJECT ADDED ENTRY--TOPICAL TERM
Topical Term Feminist theology
650 #0 - SUBJECT ADDED ENTRY--TOPICAL TERM
Topical Term Women in Christianity
650 #0 - SUBJECT ADDED ENTRY--TOPICAL TERM
Topical Term Women and religion
650 #0 - SUBJECT ADDED ENTRY--TOPICAL TERM
Topical Term Women
710 2# - ADDED ENTRY--CORPORATE NAME
Corporate name or jurisdiction name as entry element Circle of Concerned African Women Theologians.
942 ## - ADDED ENTRY ELEMENTS (KOHA)
Koha item type ADB
952 ## - LOCATION AND ITEM INFORMATION (KOHA)
Withdrawn status [LOCAL, KOHA] 0
Holdings
Source of acquisition Permanent Location Date acquired Koha item type Lost status Shelving location Current Location Full call number
A38999Library Block C2020-09-22សៀវភៅភាសាអង់គ្លេស C165Library Block C230 SFC 1995 C165 Or.
មជ្ឈមណ្ឌលឯការនៃសាកលវិទ្យាល័យភូមិន្ទកសិកម្មចំការដូង

Powered by Koha